Las transformaciones demográficas y la segunda modernidad al inicio del siglo XXI en México : (Record no. 183132)
[ view plain ]
| 000 -CABECERA | |
|---|---|
| campo de control de longitud fija | 00889nam a2200217 a 4500 |
| 005 - FECHA Y HORA DE LA ÚLTIMA TRANSACCIÓN | |
| campo de control | 20210223132948.0 |
| 008 - ELEMENTOS DE LONGITUD FIJA--INFORMACIÓN GENERAL | |
| campo de control de longitud fija | 160602s2015 mx r 000 0 spa d |
| 020 ## - NÚMERO INTERNACIONAL NORMALIZADO PARA LIBROS | |
| Número Internacional Estándar del Libro | 9786074954142 |
| 035 ## - NÚMERO DE CONTROL DEL SISTEMA | |
| Número de control de sistema | UPN01000211031 |
| 049 ## - COLECCIÓN | |
| Colección | CG |
| 050 #4 - SIGNATURA TOPOGRÁFICA DE LA BIBLIOTECA DEL CONGRESO | |
| Número de clasificación | HB3531 |
| Número de documento/Ítem | M4.7 |
| 100 1# - ASIENTO PRINCIPAL--NOMBRE PERSONAL | |
| Nombre de persona | Mejía Modesto, Alfonso |
| 9 (RLIN) | 33298 |
| 245 14 - MENCIÓN DE TÍTULO | |
| Título | Las transformaciones demográficas y la segunda modernidad al inicio del siglo XXI en México : |
| Resto del título | la fecundidad, el embarazo adolescente y la incertidumbre biográfica en un mundo globalizado / |
| Mención de responsabilidad, etc. | Alfonso Mejía Modesto, Ilse Ibeth Díaz Ramírez. |
| 260 ## - PUBLICACIÓN, DISTRIBUCIÓN, ETC. | |
| Lugar de publicación, distribución, etc. | Toluca : |
| Nombre del editor, distribuidor, etc. | Gobierno del Estado de México : |
| -- | FOEM, |
| Fecha de publicación, distribución, etc. | 2015. |
| 300 ## - DESCRIPCIÓN FÍSICA | |
| Extensión | 183 p. : |
| Otras características físicas | cuadros, mapas, gráfs. |
| 440 #0 - MENCIÓN DE SERIE/ASIENTO SECUNDARIO--TÍTULO | |
| Título | Administración pública. |
| Nombre de parte o sección de la obra | Divulgación |
| 651 #4 - ASIENTO SECUNDARIO DE MATERIA - NOMBRE GEOGRAFICO | |
| Nombre geográfico | MEXICO - |
| Subdivisión general | POLITICA DE POBLACION |
| 9 (RLIN) | 8760 |
| 700 1# - ASIENTO SECUNDARIO--NOMBRE DE PERSONAL | |
| Nombre de persona | Díaz Ramírez, Ilse Ibeth, |
| Término indicativo de función/relación | coaut. |
| 905 ## - TIPO DE MATERIAL | |
| Tipo de material | Libro |
| Estado de retiro | Estado de pérdida | Fuente del sistema de clasificación o colocación | Estado dañado | No para préstamo | Código de colección | Localización permanente | Ubicación/localización actual | Ubicación en estantería | Total de préstamos | Clasificación | Código de barras | Fecha visto por última vez | Número de copia | Tipo de ítem Koha |
|---|---|---|---|---|---|---|---|---|---|---|---|---|---|---|
| Library of Congress Classification | Colección General | Bib. Gregorio Torres Quintero | Bib. Gregorio Torres Quintero | Planta baja | 2 | HB3531 M4.7 | 311420 | 31/12/2020 | 1 | Libro |
